| 000 | 00733nam a2200229 u 4500 | ||
|---|---|---|---|
| 005 | 20221115063537.0 | ||
| 008 | 181016s2007 es r 000 0 spa d | ||
| 020 | _a9788484702658 | ||
| 035 | _aUPN01000227314 | ||
| 049 | _aI | ||
| 050 | 4 |
_aPZ76.3 _bB7.44 |
|
| 100 | 1 |
_aBravi, Soledad, _d1965- _943145 |
|
| 245 | 1 | 3 |
_aEl libro de las voces / _cSoledad Bravi ; tr. Anna Coll-Vinent. |
| 260 |
_aBarcelona, Esp. : _bCorimbo, _c2007. |
||
| 300 |
_a[118] p. : _bprincipalmente il. col |
||
| 534 |
_pTítulo original: _tLe livre des cris |
||
| 650 | 7 |
_aAnimales _vLiteratura infantil _2 _91061 |
|
| 650 | 4 |
_aSONIDOS DE ANIMALES _912212 |
|
| 650 | 7 |
_aLibros ilustrados para niños _2 _921365 |
|
| 905 | _aInfantil | ||
| 999 |
_c199409 _d199409 |
||